Football Teams Johan Cruyff Played For - Statistics

General Stats
  • This quiz has been taken 85 times
  • The average score is 4 of 8
Answer Stats
League Years Team % Correct
Spain 1973-1978 FC Barcelona
100%
Netherlands 1964-1973 AFC Ajax
97%
Netherlands 1981-1983 AFC Ajax
97%
Netherlands 1983-1984 Feyenoord
79%
Spain 1981 Levante UD
22%
USA 1978-1980 Los Angeles Aztecs
9%
USA 1980-1981 Washington Diplomats
9%
USA 1981 Washington Diplomats
9%
No matching quizzes found
Score Distribution
Percent of People with Each Score
Percentile by Number Answered
Your Score History
You have not taken this quiz